000 00397nam a2200157Ia 4500
008 230917s9999||||xx |||||||||||||| ||und||
020 _cRS550
040 _e8198
_aMAIN
041 _aEnglish
082 _a380.1091734 S45R
100 _aSamiuddin, ed.
245 0 _aRural marketing: thrust and challenges
260 _aJaipur
_bNational Publishing
_c1997
300 _axii, 420 p.
942 _cBK
999 _c97136
_d97136